Statistiques concernant Culture Générale - Série 688

Cliquez ici pour prendre le quiz!

Statistiques générales

  • Ce quiz a été pris 53 fois
  • Le résultat moyen est 8 sur 10

Statistiques - réponses

QuestionRéponse% Correct
Selon la Bible, quel animal a séduit Eve et l'a poussée à manger le fruit défendu ?serpent
98%
Quel pays est relié au territoire de Gibraltar par une plaine de sable ?Espagne
94%
Quelle ville marocaine a un nom qui se traduit littéralement par : "maison blanche" ?Casablanca
90%
A partir de 1987, quelle blonde à queue-de-cheval anima un fameux club avec Ariane, Patrick, Jacky et Corbier ?Dorothée
90%
Quel prénom féminin ont en commun le lanceur spatial européen et l'animatrice brune du Club Dorothée ?Ariane
86%
Quel acronyme de "para-acétylaminophénol" désigne le médicament d'usage courant, utilisé contre la douleur ?paracétamol
80%
Quel est le prénom du personnage cauchemardesque du film : "Les Griffes de la nuit" ?Freddy
66%
Quelle chanteuse s'appelait en réalité Yolande Gigliotti ?Dalida
66%
Je suis une rivière d'Europe centrale, dont le nom désigne, en langage familier, une flatulence. Qui suis-je ?Prout
62%
Quel dinosaure carnivore a un nom signifiant littéralement : "voleur rapide" ?velociraptor
62%

Distribution des résultats

Percentile par nombre de réponses

% des personnes avec chaque résultat

Votre développement - résultats

Vous n’avez pas pris ce quiz